000 00941nam a2200241Ia 4500
003 OSt
005 20220923220743.0
006 a|||||r|||| 00| 0
007 ta
008 220922b |||||||| |||| 00| 0 hin d
024 _a189,982
037 _cTextual
040 _aARTS
_cARTS
_bhin
041 _2hin
_ahin
082 _aO152,2N5:g, N2
100 _aशर्मा, मदन मोहन
245 0 _aस्वातंत्रयोत्तरयुगीन परिप्रेक्ष्य और नुक्कड़ नाटक
_b एक मूल्यांकन
246 _aSvātantrayottarayugīn pariprekṣhya aur nukkaड़ nāṭaka: ek mūlyāankana
260 _aअहमदाबाद
_b पार्श्व प्रकाशन
_c1992
300 _a244पृ.
_ccm.
942 _hO152,2N5:g, N2
_cTEXL
_2CC
999 _c342793
_d342793